<?xml version="1.0" encoding="UTF-8"?>
<record
    xmlns:xsi="http://www.w3.org/2001/XMLSchema-instance"
    xsi:schemaLocation="http://www.loc.gov/MARC21/slim http://www.loc.gov/standards/marcxml/schema/MARC21slim.xsd"
    xmlns="http://www.loc.gov/MARC21/slim">

  <leader>00970nam0a22002651  4500</leader>
  <controlfield tag="001">v19\rc\1216911</controlfield>
  <controlfield tag="005">20250618022803.0</controlfield>
  <datafield tag="035" ind1=" " ind2=" ">
    <subfield code="a">(NLR Aleph) 004450604</subfield>
  </datafield>
  <datafield tag="090" ind1=" " ind2=" ">
    <subfield code="a">4471334</subfield>
    <subfield code="c">4471334</subfield>
  </datafield>
  <datafield tag="100" ind1=" " ind2=" ">
    <subfield code="a">20060306d1873    |||y0rusy50      ca</subfield>
  </datafield>
  <datafield tag="101" ind1="0" ind2=" ">
    <subfield code="a">rus</subfield>
  </datafield>
  <datafield tag="102" ind1=" " ind2=" ">
    <subfield code="a">RU</subfield>
  </datafield>
  <datafield tag="105" ind1=" " ind2=" ">
    <subfield code="a">y   z   |||a|</subfield>
  </datafield>
  <datafield tag="200" ind1="1" ind2=" ">
    <subfield code="a">&#x414;-&#x44E; &#x424;-&#x447;&#x443; &#x41A;-&#x43E; [&#x414;.&#x424;. &#x41A;&#x43E;&#x431;&#x435;&#x43A;&#x43E;] &#x43F;&#x43E; &#x441;&#x43B;&#x443;&#x447;&#x430;&#x44E; &#x445;&#x43E;&#x434;&#x430;&#x442;&#x430;&#x439;&#x441;&#x442;&#x432;&#x430; &#x435;&#x433;&#x43E; &#x437;&#x430; &#x431;&#x435;&#x434;&#x43D;&#x43E;&#x433;&#x43E; &#x441;&#x43B;&#x435;&#x43F;&#x43E;&#x433;&#x43E; &#x447;&#x438;&#x43D;&#x43E;&#x432;&#x43D;&#x438;&#x43A;&#x430;</subfield>
    <subfield code="e">&#x421;&#x442;&#x438;&#x445;&#x43E;&#x442;&#x432;&#x43E;&#x440;&#x435;&#x43D;&#x438;&#x435;</subfield>
  </datafield>
  <datafield tag="210" ind1=" " ind2=" ">
    <subfield code="a">[&#x421;&#x430;&#x43D;&#x43A;&#x442;-&#x41F;&#x435;&#x442;&#x435;&#x440;&#x431;&#x443;&#x440;&#x433;]</subfield>
    <subfield code="c">&#x442;&#x438;&#x43F;. &#x41C;&#x430;&#x439;&#x43A;&#x43E;&#x432;&#x430;</subfield>
    <subfield code="d">&#x446;&#x435;&#x43D;&#x437;. 1873</subfield>
  </datafield>
  <datafield tag="215" ind1=" " ind2=" ">
    <subfield code="a">1 &#x441;.</subfield>
  </datafield>
  <datafield tag="300" ind1=" " ind2=" ">
    <subfield code="a">&#x412; &#x43A;&#x43E;&#x43D;&#x446;&#x435; &#x442;&#x435;&#x43A;&#x441;&#x442;&#x430; &#x430;&#x432;&#x442;.: &#x410;-&#x44A;</subfield>
  </datafield>
  <datafield tag="300" ind1=" " ind2=" ">
    <subfield code="a">&#x410;&#x432;&#x442;. &#x440;&#x430;&#x441;&#x43A;&#x440;&#x44B;&#x442; &#x43F;&#x43E; &#x440;&#x443;&#x43A;&#x43E;&#x43F;&#x438;&#x441;&#x43D;&#x43E;&#x439; &#x43F;&#x43E;&#x43C;&#x435;&#x442;&#x43A;&#x435; &#x43D;&#x430; &#x44D;&#x43A;&#x437;. &#x420;&#x41D;&#x411;</subfield>
  </datafield>
  <datafield tag="700" ind1=" " ind2="1">
    <subfield code="a">&#x42E;&#x440;&#x435;&#x432;&#x438;&#x447;</subfield>
    <subfield code="b">&#x410;.&#x41D;.</subfield>
    <subfield code="g">&#x410;&#x43D;&#x442;&#x43E;&#x43D; &#x41D;&#x438;&#x43A;&#x43E;&#x43B;&#x430;&#x435;&#x432;&#x438;&#x447;</subfield>
  </datafield>
  <datafield tag="790" ind1=" " ind2="0">
    <subfield code="a">&#x410;.-&#x44A;</subfield>
  </datafield>
  <datafield tag="801" ind1=" " ind2="0">
    <subfield code="a">RU</subfield>
    <subfield code="b">NLR</subfield>
    <subfield code="g">psbo</subfield>
  </datafield>
  <datafield tag="801" ind1=" " ind2="1">
    <subfield code="a">RU</subfield>
    <subfield code="b">ProSoft-M</subfield>
    <subfield code="2">rusmarc</subfield>
  </datafield>
  <datafield tag="852" ind1=" " ind2=" ">
    <subfield code="a">NLR</subfield>
    <subfield code="j">18.218.6.281</subfield>
  </datafield>
  <datafield tag="942" ind1=" " ind2=" ">
    <subfield code="c">BOOK</subfield>
  </datafield>
  <datafield tag="980" ind1=" " ind2=" ">
    <subfield code="a">NB</subfield>
  </datafield>
  <datafield tag="995" ind1=" " ind2=" ">
    <subfield code="5">2013-10-26</subfield>
    <subfield code="b">NLR02</subfield>
    <subfield code="c">NLR02</subfield>
    <subfield code="e">RFS</subfield>
    <subfield code="f">1-3799752</subfield>
    <subfield code="k">18.218.6.281</subfield>
    <subfield code="o">0</subfield>
    <subfield code="r">BOOK</subfield>
    <subfield code="s">182186281_</subfield>
  </datafield>
</record>
